000 00244nam a2200109Ia 4500
008 190216s9999||||xx |||||||||||||| ||und||
100 _aNeshan T Mathew
245 0 _aPouradarmam
260 _bBhasha Institute
650 _aHistory
942 _cBK
999 _c37514
_d37514